000 00345nam a2200145Ia 4500
008 230917s9999||||xx |||||||||||||| ||und||
040 _e114730
_aMAIN
041 _aEnglish
082 _a823.7 D555T
100 _aDickens, Charles
245 0 _aTale of two cities
260 _aNew Delhi
_bViva books
_c2008
300 _a232 p.
942 _cBK
999 _c140744
_d140744